000 01434cam a2200433 i 4500
001 46346
003 KOSZ 005
005 20200807134014.0
008 050705s2002 pl a f f |000 0 pol d
020 _a8309017669
040 _cKOSZ 005
_aKOSZ 005
_dKOSZ 005/HR
041 0 _apol
046 _k2002
080 _a635.1/.7
080 _a633.49
080 _a631.56
080 _a(075.8)
100 1 _aAdamicki, Franciszek
_d(1943- )
_eAutor
245 1 0 _aPrzechowalnictwo warzyw i ziemniaka /
_cFranciszek Adamicki, Zbigniew Czerko.
260 _aPoznań :
_bPaństwowe Wydaw. Rolnicze i Leśne,
_c2002.
300 _a324 s., 24 s. tabl. kolor. :
_bil. ;
_c24 cm.
336 _2rdacontent
_aTekst
_btxt
337 _2rdamedia
_aBez urządzenia pośredniczącego
_bn
338 _2rdacarrier
_aWolumin
_bnc
380 _aKsiążki
380 _aPublikacje dydaktyczne
385 _mPoziom nauczania
_aSzkoły wyższe
388 _a2001-
504 _aBibliogr. przy rozdz.
650 4 _aWarzywa
650 4 _aZiemniaki
650 4 _aMagazynowanie
655 4 _aPodręczniki akademickie
658 _aRolnictwo i leśnictwo
700 1 _aCzerko, Zbigniew
_eAutor
710 2 _aPaństwowe Wydawnictwo Rolnicze i Leśne
_4pbl
856 _uhttp://koha.tu.koszalin.pl/cgi-bin/koha/opac-detail.pl?biblionumber=46346
_yKatalog online BPK
942 _cKS
_2UKD
999 _c46346
_d46346